000 00291nam a2200121Ia 4500
005 20251222143244.0
008 251222s9999||||xx |||||||||||||| ||spa||
082 _a658.404.85/A59I
100 _aAndía Valencia, Walter
245 0 _aInversión Pública:
264 _bEl Saber
942 _cLIB
999 _c14702
_d14702